|
|
|
|
| LEADER |
00000cam a2200000 7i4500 |
| 001 |
0000001248 |
| 005 |
20030721.0 |
| 020 |
0 |
0 |
|a 9839592300
|
| 090 |
0 |
0 |
|a 634.92
|b MAN 1994
|
| 100 |
1 |
0 |
|a Manokaran
|h N.
|
| 245 |
1 |
0 |
|a Population dynamics of trees in dipterocarp forests of Peninsular Malaysia
|c N. Manokaran & M. D. Swaine
|
| 260 |
0 |
0 |
|a Kuala Lumpur :
|b Institut Penyelidikan Perhutanan Malaysia ,
|c 1994
|
| 300 |
|
|
|a xxi, 173 p. ;
|c 23 cm.
|
| 440 |
0 |
0 |
|a Malayan forest records; no. 40
|
| 500 |
0 |
0 |
|a Bibliography : [p. [131] - 139] and index
|
| 650 |
0 |
0 |
|a Forest management
|z Peninsular Malaysia
|
| 650 |
0 |
0 |
|a Rain forest
|z Peninsular Malaysia
|
| 700 |
0 |
1 |
|a Swaine
|h M. D.
|
| 710 |
1 |
1 |
|a Institut Penyelidikan Perhutanan Malaysia (FRIM)
|
| 998 |
|
|
|a JPSM
|
| 999 |
|
|
|a 0000000638
|b Monograph
|c Open Shelf
|e Default branch
|